Cuentos fantásticos /
Uloženo v:
| Hlavní autor: | |
|---|---|
| Médium: | Neznámo |
| Jazyk: | Spanish |
| Vydáno: |
Madrid, España :
Alianza Editorial,
1976.
|
| Témata: | |
| Tagy: |
Přidat tag
Žádné tagy, Buďte první, kdo vytvoří štítek k tomuto záznamu!
|
MARC
| LEADER | 000000000a22000000004500 | ||
|---|---|---|---|
| 001 | 012368 | ||
| 020 | |a 842061646x | ||
| 041 | 0 | |a spa | |
| 082 | 0 | 4 | |a N861.3 |b D218CF |
| 100 | 1 | |a Darío, Rubén, |c seudónimo, |d 1867-1916 | |
| 245 | 1 | 0 | |a Cuentos fantásticos / |c Rubén Darío. |
| 260 | 1 | |a Madrid, España : |b Alianza Editorial, |c 1976. | |
| 300 | |a 117 páginas | ||
| 500 | |a Material disponible en BCMA | ||
| 650 | 4 | |a LITERATURA NICARAGUENSE | |
| 650 | 4 | |a CUENTOS | |
| 500 | |a Colección George Yúdice | ||
| 999 | |c 18340 |d 18340 | ||
| 942 | |c BK |h N861.3 D218CF |2 z | ||



